| 000 | 01083nam a2200241Ia 4500 | ||
|---|---|---|---|
| 001 | 17249 | ||
| 003 | GE_BSU | ||
| 008 | 181216s||||||||xx |||||||||||||| ||und|| | ||
| 020 | _a978-9941-458-18-7 | ||
| 040 | _cGE_BSU | ||
| 080 | _a338(479.22) | ||
| 100 | _aპაპავა, ვ. (ვლადიმერ) | ||
| 245 | _aსაქართველოს ეკონომიკა: | ||
| 245 | _cვლადიმერ (ლადო) პაპავა, თამარ თაფლაძის და არჩილ გეგეშიძის მონაწილეობით | ||
| 260 | _aთბილისი | ||
| 260 | _bინტელექტი | ||
| 260 | _c2015 | ||
| 300 | _a240 გვ. ; 21 სმ.. | ||
| 300 | _eბიბლიოგრ.: გვ. 236-238. | ||
| 653 | _aრეფორმები და პსევდორეფორმები. | ||
| 653 | _aსაქართველოს ეკონომიკა; ეკონომიკური რეფორმები საქართველოში; | ||
| 942 | _cBK | ||
| 999 |
_c50308 _d50308 |
||